000
00332nam a2200133Ia 4500
008
240624s9999 xx 000 0 und d
041
_a
eng
082
_a
823 MAG
100
_a
MAGUIRE GREGORY
245
_a
OUT OF OZ
260
_c
2011
_a
London
_b
Headline Publishing Group
300
_a
xxi, : 663 : p. : cm. ; 20
365
_c
RS
_b
30
999
_c
19786
_d
19786